Textbook of physiology and biochemistry / (Record no. 68826)
[ view plain ]
| 000 -LEADER | |
|---|---|
| fixed length control field | 01071nam a2200289 a 4500 |
| 001 - CONTROL NUMBER | |
| control field | 68826 |
| 003 - CONTROL NUMBER IDENTIFIER | |
| rucl marc code | BD-RjUL |
| 005 - DATE AND TIME OF LATEST TRANSACTION | |
| control field | 20211209081820.0 |
| 008 - FIXED-LENGTH DATA ELEMENTS--GENERAL INFORMATION | |
| fixed length control field | 170405s1976 stka b 001 0 eng |
| 020 ## - INTERNATIONAL STANDARD BOOK NUMBER | |
| International Standard Book Number | 0443014361 : |
| Terms of availability | £8.00 ($20.00 U.S.) |
| 035 ## - SYSTEM CONTROL NUMBER | |
| System control number | (BD-RjUL)69037 |
| 040 ## - CATALOGING SOURCE | |
| Original cataloging agency | DLC |
| Transcribing agency | DLC |
| Modifying agency | BD-RjUL |
| Language of cataloging | eng |
| 041 ## - LANGUAGE CODE | |
| Language code of text/sound track or separate title | eng |
| 082 00 - DEWEY DECIMAL CLASSIFICATION NUMBER | |
| Classification number | 611.018 |
| Edition number | 23 |
| Author mark and year | BET 1976 |
| 100 1# - MAIN ENTRY--PERSONAL NAME | |
| Personal name | Bell, George Howard. |
| 9 (RLIN) | 203961 |
| 245 10 - TITLE STATEMENT | |
| Title | Textbook of physiology and biochemistry / |
| Statement of responsibility, etc. | George H. Bell, Donald Emslie-Smith, Colin R. Paterson. |
| 250 ## - EDITION STATEMENT | |
| Edition statement | 9th ed. ELBS of 9th ed, |
| 260 ## - PUBLICATION, DISTRIBUTION, ETC. (IMPRINT) | |
| Place of publication, distribution, etc. | Edinburgh ; |
| -- | New York : |
| Name of publisher, distributor, etc. | Churchill Livingstone ; |
| Place of publication, distribution, etc. | New York : |
| Name of publisher, distributor, etc. | distributed in the United States of America by Longman, |
| Date of publication, distribution, etc. | 1976. |
| 300 ## - PHYSICAL DESCRIPTION | |
| Pagination | x, 733 p. : |
| Illustrations | ill. ; |
| Size | 28 cm. |
| 500 ## - GENERAL NOTE | |
| General note | Tenth ed. published in 1980 under title: Textbook of physiology. |
| 504 ## - BIBLIOGRAPHY, ETC. NOTE | |
| Bibliography, etc | Includes bibliographies and index. |
| 650 #0 - SUBJECT ADDED ENTRY--TOPICAL TERM | |
| Topical term or geographic name as entry element | Human physiology. |
| 9 (RLIN) | 162672 |
| Topical term or geographic name as entry element | Biochemistry. |
| 9 (RLIN) | 203962 |
| 700 2# - ADDED ENTRY--PERSONAL NAME | |
| Personal name | Emslie-Smith, Donald, |
| Personal name | Paterson, Colin Ralston, |
| 942 ## - ADDED ENTRY ELEMENTS (KOHA) | |
| Source of classification or shelving scheme | Dewey Decimal Classification |
| Koha item type | Books |
| Lost status | Source of classification or shelving scheme | Damaged status | Not for loan | Collection code | Permanent Location | Current Location | Shelving location | Date acquired | Source of acquisition | Cost, normal purchase price | Total Checkouts | Full call number | Date last seen | Copy number | Koha item type |
|---|---|---|---|---|---|---|---|---|---|---|---|---|---|---|---|
| Dewey Decimal Classification | Not For Loan | Non-fiction | Central Library, University of Rajshahi | Central Library, University of Rajshahi | Reading Room | 19/04/1977 | W.Hefferson & sons | 10.00 | 611.018 BET 1976 | 06/04/2017 | C-1 | Books | |||
| Dewey Decimal Classification | Non-fiction | Central Library, University of Rajshahi | Central Library, University of Rajshahi | 19/04/1977 | W. Heffer and sons | 10.00 | 611.018 BET 1976 | 27/05/2017 | C-2 | Books | |||||
| Dewey Decimal Classification | Non-fiction | Central Library, University of Rajshahi | Central Library, University of Rajshahi | 19/04/1977 | W. Heffer & Sons | 10.00 | 611.018 BET 1976 | 25/02/2019 | C-3 | Books |